Áp dụng tiến bộ kỹ thuật trong xây dựng mô hình kinh tế hộ gia đình nhằm góp phần ổn định và nâng cao đời sống vùng đồng bào dân tộc xã Lộc Lâm, huyện Bảo Lâm, tỉnh Lâm Đồng /
Gardado en:
| Outros autores: | , , , , |
|---|---|
| Formato: | Artigo |
| Idioma: | Vietnamese |
| Các nhãn: |
Engadir etiqueta
Sen Etiquetas, Sexa o primeiro en etiquetar este rexistro!
|
| Thư viện lưu trữ: | Thư viện Trường Đại học Đà Lạt |
|---|
| LEADER | 01037nam a2200277 4500 | ||
|---|---|---|---|
| 001 | DLU120140469 | ||
| 005 | ##20120904 | ||
| 040 | # | # | |a DLU |b vie |
| 041 | # | # | |a vie |
| 044 | # | # | |a vn |
| 245 | # | # | |a Áp dụng tiến bộ kỹ thuật trong xây dựng mô hình kinh tế hộ gia đình nhằm góp phần ổn định và nâng cao đời sống vùng đồng bào dân tộc xã Lộc Lâm, huyện Bảo Lâm, tỉnh Lâm Đồng / |c Đỗ Ngọc Diệp, ...[và những người khác]. |
| 700 | # | # | |a Đỗ Ngọc Diệp. |
| 700 | # | # | |a Nguyễn Đức Thiết. |
| 700 | # | # | |a Phạm Bá Phong. |
| 700 | # | # | |a Phan Công Du. |
| 700 | # | # | |a Võ Khiếm. |
| 773 | # | # | |t Tuyển tập khoa học & công nghệ Lâm Đồng 1997-2000 |g 2002, tr. 157-160 |
| 920 | # | # | |a Phòng Tạp chí -- Trung tâm Thông tin - Thư viện Trường Đại học Đà Lạt |
| 994 | # | # | |a DLU |
| 900 | # | # | |a True |
| 911 | # | # | |a Lý Thị Hồng Hạnh |
| 925 | # | # | |a G |
| 926 | # | # | |a A |
| 927 | # | # | |a BB |
| 980 | # | # | |a Thư viện Trường Đại học Đà Lạt |